[Event "US Open-117"]
[Site "Indianapolis"]
[Date "2016.08.03"]
[Round "5"]
[White "Coraretti, Benjamin J"]
[Black "Helfst, Matt D"]
[Result "1-0"]
[WhiteElo "2159"]
[BlackElo "1933"]
[PlyCount "45"]
[EventDate "2016.07.30"]
[EventType "swiss"]
[EventRounds "9"]
[EventCountry "USA"]
[SourceTitle "CBM 173 Extra"]
[Source "ChessBase"]
[SourceDate "2016.08.29"]
[SourceVersion "1"]
[SourceVersionDate "2016.08.29"]
[SourceQuality "1"]

1. e4 e6 2. b3 d5 3. Bb2 dxe4 4. Nc3 Nf6 5. Qe2 Bd7 6. Nxe4 Be7 7. Nf3 Bc6 8. Nxf6+ Bxf6 9. Ne5 b6 10. 0-0-0 Bb7 11. Qh5 g6 12. Qg4 0-0 13. f4 c5 14. Bd3 Qe7 15. h4 Nc6 16. h5 Nxe5 17. fxe5 Bg5 18. Rh3 Kg7 19. Rf1 h6 20. Rf6 gxh5 21. Rxh5 Rh8 22. Rhxh6 Rxh6 23. Qxg5+ 1-0

[Event "North American op 25th"]
[Site "Las Vegas"]
[Date "2015.12.26"]
[Round "2"]
[White "Yu, Jennifer R"]
[Black "Helfst, Matt D"]
[Result "1/2-1/2"]
[WhiteElo "2198"]
[BlackElo "1940"]
[PlyCount "81"]
[EventDate "2015.12.26"]
[EventType "swiss"]
[EventRounds "9"]
[EventCountry "USA"]
[SourceTitle "CBM 170 Extra"]
[Source "ChessBase"]
[SourceDate "2016.02.25"]
[SourceVersion "1"]
[SourceVersionDate "2016.02.25"]
[SourceQuality "1"]

1. c4 c6 2. e4 d5 3. exd5 cxd5 4. d4 Nf6 5. Nc3 Nc6 6. Bg5 e6 7. Nf3 Be7 8. c5 0-0 9. Bb5 Ne4 10. Bxe7 Nxe7 11. Qc2 Qa5 12. Bd3 f5 13. Ne5 Qb4 14. Nf3 Qa5 15. 0-0 b6 16. cxb6 axb6 17. Nb5 Bd7 18. a4 Rfc8 19. Qb3 Nc6 20. Rfc1 Qb4 21. Qa2 Na5 22. Rxc8+ Rxc8 23. Qa3 Qxa3 24. bxa3 Nb3 25. Rd1 Nc3 26. Re1 Nxa4 27. Ne5 Rc1 28. Rxc1 Nxc1 29. Nxd7 Nxd3 30. Nd6 Ndb2 31. Kf1 Nc4 32. Nxc4 dxc4 33. Ke1 b5 34. Kd2 g5 35. Nf6+ Kf7 36. Nxh7 g4 37. f3 Nb6 38. fxg4 Kg6 39. Nf8+ Kf7 40. Nh7 Kg6 41. Nf8+ 1/2-1/2

[Event "Washington op"]
[Site "Washington DC "]
[Date "2015.10.07"]
[Round "1"]
[White "Taborsky, Rostislav"]
[Black "Helfst, Matt D"]
[Result "1-0"]
[WhiteElo "2220"]
[BlackElo "1938"]
[PlyCount "97"]
[EventDate "2015.10.07"]
[EventType "swiss"]
[EventRounds "9"]
[EventCountry "USA"]
[SourceTitle "CBM 168 Extra"]
[Source "ChessBase"]
[SourceDate "2015.10.29"]
[SourceVersion "1"]
[SourceVersionDate "2015.10.29"]
[SourceQuality "1"]

1. d4 d5 2. c4 e6 3. Nf3 Be7 4. g3 Nf6 5. Bg2 0-0 6. 0-0 c6 7. Qc2 Nbd7 8. Rd1 b6 9. Nc3 Qc7 10. Bf4 Bd6 11. Bxd6 Qxd6 12. e4 Nxe4 13. Nxe4 dxe4 14. Qxe4 Nf6 15. Qe2 Ba6 16. Ne5 Rac8 17. Rac1 c5 18. dxc5 Qxc5 19. a3 Rcd8 20. b4 Rxd1+ 21. Rxd1 Qc7 22. Nc6 Bb7 23. Qe5 Qxe5 24. Nxe5 Bxg2 25. Kxg2 g6 26. f4 Rc8 27. Kf3 h5 28. h3 Kg7 29. g4 hxg4+ 30. hxg4 Rc7 31. Rd8 Ng8 32. g5 Ne7 33. Ke4 Nf5 34. a4 Ne7 35. b5 Nf5 36. Rd7 Rxd7 37. Nxd7 Nd6+ 38. Kd4 Nb7 39. c5 bxc5+ 40. Nxc5 Nd6 41. Ne4 Nb7 42. Kc4 Kf8 43. Kb4 Ke7 44. a5 Nd8 45. a6 Kd7 46. b6 axb6 47. Kb5 Kc7 48. Nd6 e5 49. a7 1-0

[Event "Francophone-ch 3rd"]
[Site "Montreal"]
[Date "2015.07.24"]
[Round "8"]
[White "Helfst, Matt D"]
[Black "Vanheirzeele, Daniel"]
[Result "0-1"]
[WhiteElo "1941"]
[BlackElo "2087"]
[PlyCount "50"]
[EventDate "2015.07.17"]
[EventType "swiss"]
[EventRounds "9"]
[EventCountry "CAN"]
[SourceTitle "EXT 2016"]
[Source "ChessBase"]
[SourceDate "2015.10.08"]
[SourceVersion "1"]
[SourceVersionDate "2015.10.08"]
[SourceQuality "1"]

1. Nf3 Nf6 2. c4 e6 3. g3 d5 4. d4 dxc4 5. Qa4+ Nbd7 6. Qxc4 a6 7. Bg2 b5 8. Qc2 Bb7 9. 0-0 c5 10. Rd1 Rc8 11. Qd2 Qb6 12. Nc3 cxd4 13. Nxd4 Bxg2 14. Kxg2 Bb4 15. Qg5 0-0 16. a4 Rc5 17. Qe3 Bxc3 18. bxc3 Nd5 19. Qd3 Ne5 20. Qd2 Nxc3 21. Nb3 Rcc8 22. Qd6 Qb7+ 23. f3 Nc4 24. Qd7 Rc7 25. Nc5 Rxd7 0-1

[Event "Las Vegas National op"]
[Site "Las Vegas"]
[Date "2015.06.20"]
[Round "3"]
[White "Helfst, Matt D"]
[Black "Chor, Kevin"]
[Result "1-0"]
[WhiteElo "1941"]
[BlackElo "1936"]
[PlyCount "65"]
[EventDate "2015.06.19"]
[EventType "swiss"]
[EventRounds "6"]
[EventCountry "USA"]
[SourceTitle "CBM 167 Extra"]
[Source "ChessBase"]
[SourceDate "2015.09.14"]
[SourceVersion "1"]
[SourceVersionDate "2015.09.14"]
[SourceQuality "1"]

1. Nf3 Nf6 2. c4 g6 3. g3 Bg7 4. Bg2 0-0 5. 0-0 d6 6. Nc3 c5 7. d4 Nc6 8. dxc5 dxc5 9. Be3 Nd7 10. Rb1 a6 11. Qd5 e6 12. Qd6 Re8 13. Rfd1 Bf8 14. Qd2 Qa5 15. Bh6 Be7 16. Ng5 Nf6 17. Bxc6 bxc6 18. Qf4 e5 19. Qxe5 Bf5 20. e4 Nh5 21. Nxf7 Bf6 22. Qd6 Bg4 23. f3 Bxf3 24. Rd3 Bg4 25. Ng5 Rac8 26. Rd5 Red8 27. Rxc5 Qb6 28. Nd5 Bd4+ 29. Kg2 Bf3+ 30. Kxf3 Rf8+ 31. Kg4 Bxc5 32. Qe6+ Kh8 33. Nxb6 1-0

[Event "World op 42nd"]
[Site "Arlington"]
[Date "2014.07.02"]
[Round "1"]
[White "Wang, Richard"]
[Black "Helfst, Matt D"]
[Result "1-0"]
[WhiteElo "2365"]
[BlackElo "1953"]
[PlyCount "67"]
[EventDate "2014.07.02"]
[EventType "swiss"]
[EventRounds "9"]
[EventCountry "USA"]
[SourceTitle "CBM 161 Extra"]
[Source "ChessBase"]
[SourceDate "2014.08.29"]
[SourceVersion "1"]
[SourceVersionDate "2014.08.29"]
[SourceQuality "1"]

1. d4 d5 2. Nf3 Nf6 3. e3 e6 4. Bd3 c5 5. b3 Nc6 6. 0-0 cxd4 7. exd4 Bd6 8. Bb2 0-0 9. a3 b6 10. Ne5 Bxe5 11. dxe5 Nd7 12. f4 h6 13. Qg4 Nc5 14. Bb5 Ne7 15. b4 Ba6 16. Bxa6 Nxa6 17. Nd2 Rc8 18. Rac1 b5 19. Bd4 Qc7 20. c3 Nf5 21. Bf2 d4 22. c4 Ne3 23. Bxe3 dxe3 24. Ne4 bxc4 25. Nd6 Rcd8 26. Qe2 Qd7 27. Qxc4 Nb8 28. Qe4 e2 29. Qxe2 Qa4 30. Qd3 Nd7 31. Qg3 Nb6 32. Rc5 Rd7 33. Rfc1 Re7 34. f5 1-0

[Event "Philadelphia op 8th"]
[Site "Philadelphia"]
[Date "2014.04.19"]
[Round "7"]
[White "Helfst, Matt D"]
[Black "Strenzwilk, Denis"]
[Result "1-0"]
[WhiteElo "1957"]
[BlackElo "1889"]
[PlyCount "163"]
[EventDate "2014.04.16"]
[EventType "swiss"]
[EventRounds "9"]
[EventCountry "USA"]
[SourceTitle "CBM 159 Extra"]
[Source "ChessBase"]
[SourceDate "2014.04.24"]
[SourceVersion "1"]
[SourceVersionDate "2014.04.24"]
[SourceQuality "1"]

1. d4 d5 2. c4 e6 3. Nf3 Be7 4. g3 Nf6 5. Bg2 0-0 6. 0-0 dxc4 7. Ne5 Nc6 8. Nxc6 bxc6 9. Bxc6 Rb8 10. Bg2 c5 11. dxc5 Qxd1 12. Rxd1 Bxc5 13. e3 e5 14. Bd2 Rxb2 15. Rc1 Bf5 16. Bc3 Rb5 17. a4 Rxb1 18. Raxb1 Bxb1 19. Rxb1 Bd6 20. Rd1 Bc7 21. Bb4 Rb8 22. Bc5 a5 23. Rc1 h6 24. Rxc4 Rb1+ 25. Bf1 Nd5 26. Kg2 g6 27. Ba7 Rb4 28. Rc5 Bb6 29. Bxb6 Nxb6 30. Rxa5 Nxa4 31. Rxe5 Rb7 32. Ra5 Nc3 33. Rc5 Ne4 34. Rc2 Kg7 35. Be2 Nf6 36. Rd2 Rc7 37. f3 Re7 38. Kf2 Rc7 39. e4 Re7 40. Rb2 g5 41. Rb5 Nh7 42. Bd3 Nf8 43. Ke3 Rd7 44. f4 gxf4+ 45. gxf4 f6 46. Rb1 Rc7 47. Rg1+ Kh8 48. Rg2 Rg7 49. Rb2 Rg1 50. Bc4 Re1+ 51. Kd4 Rd1+ 52. Kc5 Ng6 53. Rb8+ Kh7 54. Rb7+ Kh8 55. Rf7 Nxf4 56. Rxf6 Nd3+ 57. Bxd3 Rxd3 58. Rxh6+ Kg7 59. Rd6 Rh3 60. Rd2 Kf6 61. Kd6 Kf7 62. e5 Ra3 63. Rf2+ Ke8 64. e6 Ra6+ 65. Ke5 Ke7 66. Rf7+ Ke8 67. h4 Ra1 68. Rf4 Ke7 69. Rf7+ Ke8 70. Kf6 Rf1+ 71. Kg7 Rg1+ 72. Kh6 Re1 73. Rf6 Ke7 74. Rg6 Re4 75. h5 Re5 76. Rg5 Rxe6+ 77. Kg7 Ke8 78. h6 Re7+ 79. Kg8 Kd7 80. Rg7 Ke6 81. Rxe7+ Kxe7 82. h7 1-0

[Event "Philadelphia op 8th"]
[Site "Philadelphia"]
[Date "2014.04.18"]
[Round "4"]
[White "Helfst, Matt D"]
[Black "Rubin, Joshua"]
[Result "0-1"]
[WhiteElo "1957"]
[BlackElo "2077"]
[PlyCount "133"]
[EventDate "2014.04.16"]
[EventType "swiss"]
[EventRounds "9"]
[EventCountry "USA"]
[SourceTitle "CBM 159 Extra"]
[Source "ChessBase"]
[SourceDate "2014.04.24"]
[SourceVersion "1"]
[SourceVersionDate "2014.04.24"]
[SourceQuality "1"]

1. Nf3 Nf6 2. c4 g6 3. b4 Bg7 4. Bb2 0-0 5. e3 b6 6. d4 Bb7 7. Bd3 c5 8. b5 e6 9. Nbd2 d5 10. Qc2 Nbd7 11. 0-0 Rc8 12. Qa4 Rc7 13. Ne5 Nxe5 14. dxe5 Ng4 15. cxd5 Nxe5 16. Be2 Qxd5 17. Nf3 Nxf3+ 18. Bxf3 Qd7 19. Rad1 Qe7 20. Ba3 Bxf3 21. gxf3 Qg5+ 22. Kh1 Rfc8 23. Qc4 Qe7 24. Rg1 Rd7 25. Rdf1 Rcd8 26. Bc1 Rd3 27. f4 Qb7+ 28. f3 Qd5 29. Qa4 Rd7 30. Rg5 Qb7 31. Qc2 Rd1 32. Qg2 Qc7 33. Qe2 Rxf1+ 34. Qxf1 Qd6 35. Rg1 Qd3 36. Qxd3 Rxd3 37. Kg2 Kf8 38. Kf2 Bc3 39. Ke2 Rd7 40. Rg5 f5 41. Rg1 Ke7 42. h3 Kd8 43. a4 Ke7 44. Rg2 Kf7 45. Rg1 Kg7 46. Kf2 Kh6 47. Kg3 Kh5 48. Rh1 Rd3 49. Rf1 Bb4 50. Kf2 Kh6 51. Ke2 Rd7 52. Rg1 Rd8 53. Rg2 Bc3 54. Rg1 Kg7 55. Rg2 Kf6 56. Rg1 h6 57. Rg2 Rd7 58. Rg1 c4 59. e4 Bb4 60. Be3 Rd3 61. Rc1 Ra3 62. Rxc4 Be7 63. e5+ Kf7 64. Bc1 Ra2+ 65. Kd3 Bc5 66. Bd2 Ra1 67. Bb4 0-1

[Event "Philadelphia op 8th"]
[Site "Philadelphia"]
[Date "2014.04.16"]
[Round "1"]
[White "Shetty, Atulya"]
[Black "Helfst, Matt D"]
[Result "1-0"]
[WhiteElo "2313"]
[BlackElo "1957"]
[PlyCount "69"]
[EventDate "2014.04.16"]
[EventType "swiss"]
[EventRounds "9"]
[EventCountry "USA"]
[SourceTitle "CBM 159 Extra"]
[Source "ChessBase"]
[SourceDate "2014.04.24"]
[SourceVersion "1"]
[SourceVersionDate "2014.04.24"]
[SourceQuality "1"]

1. c4 e6 2. Nf3 d5 3. b3 c5 4. g3 Nc6 5. e3 Nf6 6. Bg2 Be7 7. 0-0 0-0 8. Bb2 b6 9. Nc3 Bb7 10. cxd5 exd5 11. d4 Ne4 12. dxc5 Nxc3 13. Bxc3 bxc5 14. Qd2 Qd6 15. Qb2 Qg6 16. Rfd1 Rad8 17. Rac1 Bc8 18. Rd2 Be6 19. Rcd1 Rd7 20. Ne5 Nxe5 21. Bxe5 Rfd8 22. h3 f6 23. Bc3 Qf7 24. Qc2 Rc8 25. Kh2 Bd8 26. Qb1 Bb6 27. Qa1 Rdd8 28. Qb2 Rd7 29. Qa3 Rcd8 30. b4 cxb4 31. Qxb4 d4 32. Bxd4 Bxd4 33. Rxd4 Bxa2 34. Rxd7 Rxd7 35. Qb8+ 1-0

[Event "Philadelphia op 7th"]
[Site "Philadelphia"]
[Date "2013.03.28"]
[Round "2"]
[White "King, Alexander B"]
[Black "Helfst, Matt D"]
[Result "1-0"]
[WhiteElo "2244"]
[BlackElo "1933"]
[PlyCount "57"]
[EventDate "2013.03.27"]
[EventType "swiss"]
[EventRounds "9"]
[EventCountry "USA"]
[SourceTitle "CBM 153 Extra"]
[Source "ChessBase"]
[SourceDate "2013.04.22"]
[SourceVersion "1"]
[SourceVersionDate "2013.04.22"]
[SourceQuality "1"]

1. d4 d5 2. c4 e6 3. Nf3 Be7 4. g3 Nf6 5. Bg2 0-0 6. 0-0 c6 7. Qc2 Nbd7 8. Nbd2 b6 9. Rd1 Bb7 10. e4 Rc8 11. e5 Ne8 12. cxd5 cxd5 13. Qd3 Nc7 14. Nf1 Ba6 15. Qe3 b5 16. h4 Nb6 17. h5 b4 18. h6 g6 19. N1h2 Nb5 20. Ng4 Nd7 21. Bd2 Nb6 22. Qb3 Nc7 23. Bxb4 Bc4 24. Qa3 Bxb4 25. Qxb4 Be2 26. Nf6+ Kh8 27. Ng5 Bxd1 28. Rxd1 a5 29. Qxb6 1-0

[Event "Philadelphia op 7th"]
[Site "Philadelphia"]
[Date "2013.03.28"]
[Round "3"]
[White "Williams, Christopher"]
[Black "Helfst, Matt D"]
[Result "0-1"]
[WhiteElo "2150"]
[BlackElo "1933"]
[PlyCount "94"]
[EventDate "2013.03.27"]
[EventType "swiss"]
[EventRounds "9"]
[EventCountry "USA"]
[SourceTitle "CBM 153 Extra"]
[Source "ChessBase"]
[SourceDate "2013.04.22"]
[SourceVersion "1"]
[SourceVersionDate "2013.04.22"]
[SourceQuality "1"]

1. e4 e6 2. d4 d5 3. Nd2 dxe4 4. Nxe4 Bd7 5. Nf3 Bc6 6. Bd3 Nd7 7. Qe2 Ngf6 8. Ng3 Bxf3 9. Qxf3 c6 10. 0-0 Be7 11. c4 0-0 12. Bf4 Re8 13. Rfe1 Nf8 14. Rad1 Ng6 15. Be5 Nd7 16. Nh5 Ndxe5 17. dxe5 Qa5 18. a3 Nxe5 19. Bxh7+ Kxh7 20. Qh3 Kg8 21. b4 Qa4 22. Qc3 Bf6 23. h4 Rad8 24. Rxd8 Rxd8 25. Nxf6+ gxf6 26. Qg3+ Kf8 27. Re4 Qc2 28. Qf4 Ke7 29. b5 Rg8 30. Rxe5 fxe5 31. Qe3 Qd1+ 32. Kh2 Qd4 33. Qe1 Qxh4+ 34. Kg1 Qxc4 35. Qxe5 cxb5 36. g3 a5 37. Qe3 Qd5 38. Qc3 Qc6 39. Qd4 Qc4 40. Qe5 b4 41. Qxa5 b3 42. Qd2 Rg4 43. Kh2 Qd4 44. Qe1 b2 45. Kh3 Re4 46. Qf1 Re5 47. f4 Rc5 0-1

[Event "Philadelphia int op 9th"]
[Site "Philadelphia"]
[Date "2012.07.01"]
[Round "5"]
[White "Helfst, Matt D"]
[Black "Ebrahim Shirazi, Behrooz"]
[Result "1-0"]
[WhiteElo "1930"]
[BlackElo "2070"]
[PlyCount "65"]
[EventDate "2012.06.29"]
[EventType "swiss"]
[EventRounds "9"]
[EventCountry "USA"]
[SourceTitle "CBM 149 Extra"]
[Source "ChessBase"]
[SourceDate "2012.08.24"]
[SourceVersion "1"]
[SourceVersionDate "2012.08.24"]
[SourceQuality "1"]

1. d4 d5 2. c4 e6 3. Nf3 Nf6 4. g3 dxc4 5. Qa4+ Bd7 6. Qxc4 Bc6 7. Bg2 Nbd7 8. 0-0 Nb6 9. Qd3 Be4 10. Qd1 Be7 11. Nc3 Bc6 12. Re1 0-0 13. e4 Rc8 14. Ne5 Be8 15. Bf4 c6 16. Qd3 Nh5 17. Be3 f6 18. Nc4 e5 19. Nxb6 axb6 20. d5 Bg6 21. Qe2 Bb4 22. Bh3 Bxc3 23. bxc3 Ra8 24. dxc6 bxc6 25. Red1 Qe8 26. Bxb6 f5 27. exf5 Bxf5 28. Bxf5 Rxf5 29. Qc4+ Kh8 30. Rd6 Rf6 31. Rad1 Rxd6 32. Rxd6 Rc8 33. Qe6 1-0